| 000 | 00662nam a2200205 a 4500 | ||
|---|---|---|---|
| 005 | 20231114063543.0 | ||
| 008 | 010709s19861992 r 000 0 eng d | ||
| 020 | _a9686136010 | ||
| 035 | _aUPN01000109363 | ||
| 049 | _aCG | ||
| 050 | 4 |
_aF1229 _bD4.4 |
|
| 245 | 0 | 0 |
_aDe Cuauhtémoc a Juárez y de Cortés a Maximiliano / _cIsmael Colmenares ... [et al.]. |
| 260 |
_aMéxico : _bQuinto Sol, _c1986 (1992 impr.). |
||
| 300 | _a584 p. | ||
| 651 | 4 |
_aMéxico _xHistoria _yDominación española, 1517-1821 _9227 |
|
| 651 | 2 |
_aMéxico _xHistoria _y1821-1861 _94624 |
|
| 651 | 2 |
_aMéxico _xAntigüedades _94694 |
|
| 700 | 1 |
_aColmenares, Ismael, _ecoaut. |
|
| 905 | _aLibro | ||
| 999 |
_c83274 _d83274 |
||